000 00382nam a2200145Ia 4500
008 211109s9999||||xx |||||||||||||| ||und||
082 _a894.8123
_bKAK-N
100 _aKakkanadan,
245 0 _aNayattu
260 _bMalayalam
_aKozhikode
_c1982
300 _a114p
630 _xGENERAL STACK
650 _aMalayalam
_vMalayalam literature
_xMalayalam novelMalayalam
942 _cBOOK
999 _c39834
_d39834